000 01145nam a2200313 4500
001 0000022324
003 CO-CtgCURN
005 20250522135504.0
007 ta
008 160627s2005 000 0 eng d
020 _a9500626217
040 _aCO-CtgCURN
_bspa
_ccoctgcurn
082 0 _a617.548
_bZ93c
100 1 _aZuidema, George D.
245 1 0 _aCirugía del aparato digestivo /
_cGeorge D. Zuidema y Charles J. Yeo , traducido por Gustavo Mezano... [et. al.].
250 _a5a ed.
260 _aBuenos Aires :
_bEditorial Medica Panamericana,
_c2005.
300 _aV. 3.
336 _2rdacontent
337 _2rdamedia
_asin mediacion
_bn
338 _2rdacarrier
_avolumen
_bnc
504 _aReferencias bibliograficas al final de cada capitulo.
505 8 _aPancreas.--Carcinoma pancreatico y periampiular.--Tumores endocrinos del pancreas.--Vias biliares.--Higado e hipertension portal.--Bazo.--Colon
650 1 4 _aAparato digestivo
_vCirugía.
700 1 _aYeo, Charles J.
908 _a160627
942 _cBK
_h617.548
_iZ93c
_2ddc
_n0
999 _c23222
_d23222